Páginas histórico-burgalesas (Record no. 137890)

MARC details
000 -LEADER
campo de control de longitud fija 00593nam a2200181 4500
001 - NÚMERO DE CONTROL
campo de control 137890
003 - IDENTIFICADOR DE NÚMERO DE CONTROL
campo de control ES-MaACL
005 - FECHA Y HORA DE LA ÚLTIMA TRANSACCIÓN
campo de control 20250702063101.0
007 - CAMPO FIJO DE DESCRIPCIÓN FÍSICA--INFORMACIÓN GENERAL
campo de control de longitud fija t|
008 - DATOS DE LONGITUD FIJA--INFORMACIÓN GENERAL
campo de control de longitud fija 070214s1907 sp r ||||1| spa d
100 1# - ENTRADA PRINCIPAL--NOMBRE DE PERSONA
Nombre de persona Salvá, Anselmo,
Fechas asociadas al nombre 1849-1922
9 (RLIN) 102053
245 10 - MENCIÓN DEL TÍTULO
Título Páginas histórico-burgalesas
Resto del título : los Fueros, las Hermandades, la Inquisición /
Mención de responsabilidad, etc. Anselmo Salvá.
260 ## - PUBLICACIÓN, DISTRIBUCIÓN, ETC.
Lugar de publicación, distribución, etc. Burgos :
Nombre del editor, distribuidor, etc. [s. n.],
Fecha de publicación, distribución, etc. 1907 (
Fabricante Tip. de El Monte Carmelo)
300 ## - DESCRIPCIÓN FÍSICA
Extensión VI, 181 p. ;
Dimensiones 18 x 11 cm.
651 #4 - PUNTO DE ACCESO ADICIONAL DE MATERIA--NOMBRE GEOGRÁFICO
Nombre geográfico Burgos-
Subdivisión general Historia.
9 (RLIN) 146577
852 ## - LOCALIZACIÓN
Ubicación ES-MaACL
Número de control de estantería D-1392
Holdings
Estatus retirado Estado de pérdida Estado de daño No para préstamo Biblioteca de origen Biblioteca actual Ubicación en estantería Fecha de adquisición Fuente de adquisición Total de préstamos Signatura topográfica completa Código de barras Visto por última vez Precio de reemplazo Tipo de ítem Koha
        Biblioteca del Ateneo de Madrid Biblioteca del Ateneo de Madrid Sala Valle Inclán 17/01/2008     D-1392 901143490 23/02/2023 23/02/2023 Libro impreso